000 00952nas a2200289 454500
001 38822
005 20260407193510.0
008 260407s2000####ag###########|||spa#d
003 AR-UNSa-BCEJYS
040 _aAR-UNSa-BCEJYS
_bspa
_cAR-UNSa-BCEJYS
080 _a070
_xPeriódicos. La prensa. Periodismo
245 1 0 _aLa Gaceta de Económicas
_pde económicas a la sociedad
264 1 _aBuenos Aires :
_bUniversidad de Buenos Aires. Facultad de Ciencias Económicas
_c2000
310 _aFrecuencia: Mensual
041 _aspa
942 _cSER
590 _aniveau_biblio:s niveau_hierar:1
100 1 _aDegrossi, Carlos Aníbal
700 1 _aPristupin, Simón
650 _aUNIVERSIDADES
650 _aCONTABILIDAD
650 _aADMINISTRACION DE EMPRESAS
650 _aEconómicas
650 _aPeríodico
650 _aECONOMIA
856 4 1 _uhttps://biblioeco.unsa.edu.ar/pmb/images/revistas/laGacetaEconom.jpg
_yImagen de portada
_qimage/jpeg
999 _c8826
_d8826